Lehrbuch der physikalischen geographie, (Record no. 25968)

MARC details
000 -LEADER
fixed length control field 00776cam a22002171 4500
001 - CONTROL NUMBER
control field gs 19000464
003 - CONTROL NUMBER IDENTIFIER
control field DLC
005 - DATE AND TIME OF LATEST TRANSACTION
control field 20260227111324.0
008 - FIXED-LENGTH DATA ELEMENTS--GENERAL INFORMATION
fixed length control field 940215s1891 gw abf 000 0 ger c
010 ## - LIBRARY OF CONGRESS CONTROL NUMBER
LC control number gs 19000464
035 ## - SYSTEM CONTROL NUMBER
System control number (OCoLC)29820537
040 ## - CATALOGING SOURCE
Original cataloging agency Library, U.S. Geological Survey
Transcribing agency CU
Modifying agency DLC
042 ## - AUTHENTICATION CODE
Authentication code premarc
050 00 - LIBRARY OF CONGRESS CALL NUMBER
Classification number GB55
Item number .G88
100 1# - MAIN ENTRY--PERSONAL NAME
Personal name Günther, Siegmund,
Dates associated with a name 1848-1923.
245 00 - TITLE STATEMENT
Title Lehrbuch der physikalischen geographie,
Statement of responsibility, etc. von Dr. Siegmund Günther ... mit 169 in den text gedruckten holzschnitten und 3 tafeln in farbendruck.
260 ## - PUBLICATION, DISTRIBUTION, ETC.
Place of publication, distribution, etc. Stuttgart,
Name of publisher, distributor, etc. F. Enke,
Date of publication, distribution, etc. 1891.
300 ## - PHYSICAL DESCRIPTION
Extent xii, 508 p.
Other physical details illus., III pl. (part col., incl. double map) diagrs.
Dimensions 24 cm.
440 #0 - SERIES STATEMENT/ADDED ENTRY--TITLE
Title Naturwissenschaftliches lehrbuch
650 #0 - SUBJECT ADDED ENTRY--TOPICAL TERM
Topical term or geographic name entry element Physical geography.

No items available.

Powered by Koha